Human longevity omega-3 fatty acids, bioenergetics, molecular biology, and evolution
Guardat en:
| Autor principal: | |
|---|---|
| Format: | Llibre |
| Idioma: | anglès |
| Publicat: |
CRC Press
2015
|
| Etiquetes: |
Afegir etiqueta
Sense etiquetes, Sigues el primer a etiquetar aquest registre!
|
MARC
| LEADER | 00000nam a22000007a 4500 | ||
|---|---|---|---|
| 008 | 201221b ||||| |||| 00| 0 eng d | ||
| 020 | |a ISBN: 978-1-4665-9486-9 | ||
| 100 | |a VALENTINE, Raymond Carlyle. | ||
| 245 | |a Human longevity |b omega-3 fatty acids, bioenergetics, molecular biology, and evolution |c Raymond C. Valentine, David L. Valentine. |g 2015. xvii, 223p.; ill. | ||
| 260 | |b CRC Press |c 2015 |h Boca Raton, FL |i 683846 |l QP86 .V23 |m Aging – Genetic aspects |m Mitochondria. | ||
| 500 | |a “It includes references and index”. | ||
| 942 | |a lcc |c BK |e Olagoke,M A |f 21/12/2020 | ||
| 952 | |0 0 |1 0 |2 lcc |4 0 |6 QP0086 V23 |7 0 |9 978 |a HOL |b HOL |c QZ |d 2020-12-21 |l 0 |o QP86 .V23 |p 2020-230204 |r 2020-12-21 00:00:00 |w 2020-12-21 |y BK | ||
| 999 | |c 503 |d 503 | ||